Limoges - Choix multiples - Statistiques

Statistiques générales
  • Ce quiz a été pris 2 116 fois
    1 771 depuis la dernière actualisation
  • Le résultat moyen est 6 sur 10
Statistiques - réponses
Question Réponse % Correct
Pour quel artisanat Limoges est-elle reconnue internationalement ? La porcelaine
93%
Quelle rivière traverse Limoges ? La Vienne
75%
Dans quel sport collectif s'illustre le club du CSP Limoges ? Le basket-ball
69%
Comment appelle-t-on les habitants de Limoges ? Les Limougeauds
66%
Quel évènement conduit à la création et à l'entrée dans le langage courant du verbe "limoger" ? La relève de fonction et l'affectation à Limoges d'officiers pendant la Grande Guerre
65%
Quel président de la République, mort assassiné à Lyon pendant son mandat, est né à Limoges ? Sadi Carnot
60%
Laquelle de ces gares empruntent à l'Art déco et à l'Art nouveau et est particulièrement célèbre à Limoges ?
59%
Quel streameur français, connu pour ses streams consacrés à la culture générale, est né en 1996 à Limoges ? Étoiles
54%
Quelle entreprise du CAC 40 a son siège à Limoges ? Legrand
49%
Que Maryse Bastié, née à Limoges en 1898, fut-elle la première femme à réaliser ? Traverser l'Atlantique Sud en avion
35%
Aucun quiz correspondant
Distribution des résultats
% des personnes avec chaque résultat
Percentile par nombre de réponses
Votre historique - résultats
Vous n’avez pas pris ce quiz depuis la dernière actualisation